000 01450nam a2200361Ia 4500
001 ebr10285625
003 CaPaEBR
006 m u
007 cr cn|||||||||
008 081218s2009 dcua sb i001 0 eng d
010 _z 2008051559
020 _z9780821378120
020 _z0821378120
020 _z9780821378137 (electronic)
020 _z0821378139 (electronic)
040 _aCaPaEBR
_cCaPaEBR
035 _a(OCoLC)560620984
050 1 4 _aHG5843.A3
_bI27 2009eb
100 1 _aIarossi, Giuseppe.
245 1 3 _aAn assessment of the investment climate in Kenya
_h[electronic resource] /
_cGiuseppe Iarossi.
260 _aWashington, D.C. :
_bWorld Bank,
_cc2009.
300 _axiii, 121 p. :
_bill.
490 1 _aDirections in development. Private sector development
504 _aIncludes bibliographical references (p. 113-115) and index.
533 _aElectronic reproduction.
_bPalo Alto, Calif. :
_cebrary,
_d2011.
_nAvailable via World Wide Web.
_nAccess may be limited to ebrary affiliated libraries.
650 0 _aInvestments
_zKenya.
650 0 _aBusiness enterprises
_zKenya.
650 0 _aCorporate culture
_zKenya.
655 7 _aElectronic books.
_2local
710 2 _aebrary, Inc.
830 0 _aDirections in development (Washington, D.C.).
_pPrivate sector development.
856 4 0 _uhttp://site.ebrary.com/lib/rucke/Doc?id=10285625
_zAn electronic book accessible through the World Wide Web; click to view
999 _c2017
_d2017